000 01071nam a22002657a 4500
005 20240530110906.0
008 220228s2008 ua ak g b 00| 0 ara d
017 _a2008/24679
_bمصر. دار الكتب
020 _a977438591
040 _aEG-CaGPL
_cEG-CaGPL
082 0 4 _221
_a306.872/
_bخ ف
100 0 _aخالد صالح خالد محمود
245 1 0 _aفاعلية نموذج التركيز على المهام فى التخفيف من حدة النزاعات الزوجية للمتزوجين حديثا /
_cخالد صالح خالد محمود
250 _aط.1
260 _aالقاهرة :
_bالمكتب الجامعى الحديث ،
_c2008.
300 _a368 ص. :
_bايض ؛
_c24 سم.
650 0 7 _2qrmak
_aالازواج والزوجات
650 0 7 _2qrmak
_aالزواج
_xاخلاقيات
650 0 7 _2qrmak
_aالعلاقات الاسرية
650 0 7 _2qrmak
_aالاحوال الشخصية
651 _2qrmak
653 0 _aالنزاعات الزوجية
942 _2ddc
_cBK
999 _c66222
_d66222